| 000 | 00844nam a2200325 a 4500 | ||
|---|---|---|---|
| 999 |
_c2979 _d2979 |
||
| 006 | a||||gr|||| 001 0 | ||
| 007 | ta | ||
| 008 | 190805s2024||||nyua|||gr|||| 0|1 ||eng|d | ||
| 020 |
_a9781266271113 _c£ 58.99 |
||
| 040 |
_aKO _beng |
||
| 041 | 0 | _aeng | |
| 044 | _anyu | ||
| 082 | 0 | 4 |
_a658.7 _bJ6361 _223 |
| 100 | 1 | _aJohnson, P. Fraser | |
| 245 | 1 | 0 |
_aPurchasing and Supply Chain Management / _cP. Fraser Johnson |
| 250 | _a17th ed. | ||
| 260 |
_aNew York : _bMcGraw Hill, _c2024 |
||
| 300 |
_axviii, 573 p. : _bill.; _c23 cm. |
||
| 500 | _aIncludes index. | ||
| 650 | 0 |
_aPurchasing _xManagement _xTextbooks |
|
| 650 | 0 |
_aMaterials management _xTextbooks |
|
| 650 | 0 |
_aBusiness logistics _xTextbooks |
|
| 700 | 1 | _eaut | |
| 700 | 1 | _eaut | |
| 700 | 1 | _eaut | |
| 904 | _aRUDRA_R | ||
| 905 | _aR_RANJAN | ||
| 942 | _cBK | ||